| 000 | 00829cam a2200253 a 4500 | ||
|---|---|---|---|
| 008 | |||
| 020 | _a0136301959 (pbk.) | ||
| 049 | _aMAIN | ||
| 090 |
_aQA76.76 _bTAN |
||
| 100 | 1 | _aTanenbaum, Andrew S. | |
| 245 | 1 | 0 |
_aOperating systems : _bdesign and implementation / _cAndrew S. Tanenbaum, Alfred Woodhull. |
| 250 | _a2nd ed. | ||
| 260 |
_aUpper Saddle River, NJ : _bPrentice Hall, _c1997. |
||
| 300 |
_axvii, 939 p. : _bill. ; _c24 cm. + _e1 computer laser optical disc (4 3/4 in.) |
||
| 500 | _aIncludes index. | ||
| 504 | _aIncludes bibliographical references. | ||
| 650 | 0 | _aOperating systems (Computers) | |
| 700 | 1 | _aWoodhull, Alfred. | |
| 907 |
_a.b10200794 _b20-03-12 _c08-05-06 |
||
| 003 | |||
| 005 | 20230123134211.0 | ||
| 040 | _cNUST | ||
| 942 |
_cBOOKS _kQA76.76 _mTAN |
||
| 999 |
_c161772 _d161772 |
||